[Event "Fisher Memorial"]
[Site "SchemingMind.com"]
[Date "2008.02.03"]
[Round "-"]
[White "pcmvr"]
[Black "smothered mate"]
[Result "1-0"]
[WhiteCountry "NED"]
[BlackCountry "POL"]
[WhiteElo "2186"]
[WhiteRD "110"]
[BlackElo "1938"]
[BlackRD "52"]
[GameID "140272"]

1. b4 e5 2. Bb2 Bxb4 3. f4 exf4 4. Bxg7 Qh4+ 5. g3 fxg3 6. Bg2 gxh2+ 7. Kf1 hxg1=Q+ 8. Kxg1 Qg5 9. Bxh8 b6 10. Rxh7 Bf8
11. Qf1 Nh6 12. Qf3 Bc5+ 13. d4 Qc1+ 14. Qf1 Qe3+ 15. Kh1 d5 16. dxc5 Bf5 17. Bd4 Qg5 18. Rh8+ Ke7 19. e3 Nc6 20. Rxa8 Nxd4
21. Nc3 Qh4+ 22. Kg1 Ng4 23. Qf4 Ne6 24. Nxd5+ Kd7 25. Qa4+
1-0

[Event "Fisher Memorial"]
[Site "SchemingMind.com"]
[Date "2008.02.08"]
[Round "-"]
[White "pcmvr"]
[Black "Schaakmaatje"]
[Result "1-0"]
[WhiteCountry "NED"]
[BlackCountry "NED"]
[WhiteElo "2142"]
[WhiteRD "124"]
[BlackElo "1755"]
[BlackRD "46"]
[GameID "140273"]

1. b4 e5 2. Bb2 f6 3. b5 d5 4. e3 c5 5. d4 cxd4 6. exd4 exd4 7. Qxd4 Be6 8. Nc3 Nh6 9. O-O-O Nd7 10. Nxd5 Bc5
11. Qe4 Kf7 12. Nf4 Qb6 13. Nxe6 Qxe6 14. Bc4
1-0

[Event "Fisher Memorial"]
[Site "SchemingMind.com"]
[Date "2008.02.04"]
[Round "-"]
[White "pcmvr"]
[Black "Francisco Aquino"]
[Result "1-0"]
[WhiteCountry "NED"]
[BlackCountry "BRA"]
[WhiteElo "2186"]
[WhiteRD "110"]
[BlackElo "1727"]
[BlackRD "75"]
[GameID "140274"]

1. b4 e5 2. Bb2 d6 3. c4 Nf6 4. e3 Bg4 5. Be2 Bxe2 6. Nxe2 Be7 7. O-O O-O 8. d4 exd4 9. Nxd4 Nbd7 10. Nc3 Nb6
11. Qe2 Re8 12. e4 Bf8 13. f3 c6 14. a3 d5 15. c5 Nc4= 16. Bc1 a5 17. Ra2 axb4 18. axb4 Rxa2 19. Qxa2 g6 20. exd5 Ne3
21. Bxe3 Rxe3 22. Qd2 Bh6 23. d6 Kg7 24. f4 Re8 25. g3 Qd7 26. b5 Kg8 27. bxc6 bxc6 28. Rb1 Ra8 29. Qg2 Ra3 30. Ne4 Nd5
31. Rb8+ Kg7 32. Qb2
1-0

[Event "Fisher Memorial"]
[Site "SchemingMind.com"]
[Date "2008.02.03"]
[Round "-"]
[White "pcmvr"]
[Black "eraymond"]
[Result "0-1"]
[WhiteCountry "NED"]
[BlackCountry "CAN"]
[WhiteElo "2201"]
[WhiteRD "92"]
[BlackElo "2199"]
[BlackRD "87"]
[GameID "140275"]

1. b4 e5 2. Bb2 Bxb4 3. f4 Nf6 4. Bxe5 O-O 5. e3 Re8 6. Nf3 Nc6 7. Bd3 d6 8. Bc3 Bc5 9. O-O d5 10. Kh1 Bg4
11. Bxf6 Qxf6 12. Nc3 Rad8 13. Rb1 Nb4 14. Qe1 c6 15. Ne5 Bc8 16. Qc1 Nxd3 17. cxd3 Bd6 18. Nf3 b6 19. Qc2 Ba6 20. Nd4 Bb8
21. Nce2 c5 22. Nb5 d4 23. e4 Qh6 24. Rf2 Bc8 25. Rbf1 Bd7 26. Na3 a6 27. e5 Rc8 28. Ng3 b5 29. Ne4 f6 30. Rf3 Bf5
31. exf6 gxf6 32. Ng3 Bg4 33. Qb3+ Kh8 34. R3f2 Be6 35. Qd1 Bxa2 36. Qf3 Qg6 37. Ra1 Bb3 38. Rb1 Qf7 39. Kg1 Bd5 40. Qg4 Qg6
41. Qh4 f5 42. Qh3 Qg4 43. Qxg4 fxg4 44. f5 Bxg3 45. hxg3 Kg7 46. f6+ Kg6 47. Rbf1 Bf7 48. Rf4 h5 49. Kf2 Re6
0-1

[Event "Fisher Memorial"]
[Site "SchemingMind.com"]
[Date "2008.02.04"]
[Round "-"]
[White "Steven DuCharme"]
[Black "pcmvr"]
[Result "0-1"]
[WhiteCountry "USA"]
[BlackCountry "NED"]
[WhiteElo "1633"]
[WhiteRD "71"]
[BlackElo "2186"]
[BlackRD "110"]
[GameID "140276"]

1. g3 d5 2. Bg2 Nf6 3. Nf3 c6 4. O-O Bg4 5. h3 Bxf3 6. Bxf3 e5 7. d3 Nbd7 8. e4 dxe4 9. dxe4 Be7 10. c4 Nc5
11. Nc3 Qd3 12. Qxd3 Nxd3 13. Be2 Nxc1 14. Raxc1 O-O-O 15. a3 Rd2 16. b4 Kc7 17. Rfd1 Nxe4 18. Bf3 Rxd1+ 19. Bxd1 Bg5 20. Rc2 Rd8
21. Nxe4 Rxd1+ 22. Kg2 Be7 23. c5 Ra1 24. Rc3 f5 25. Nd2 e4 26. h4 Bf6 27. Rb3 Ra2 28. Nf1 g6 29. Ne3 Bd4 30. Nd1 a5
31. bxa5 Bxc5 32. Kf1 Bxa3 33. f3 exf3 34. Rxf3 Bc5 35. h5 Ra1 36. Ke2 Rxa5
0-1

[Event "Fisher Memorial"]
[Site "SchemingMind.com"]
[Date "2008.02.03"]
[Round "-"]
[White "_keyes"]
[Black "pcmvr"]
[Result "0-1"]
[WhiteCountry "ENG"]
[BlackCountry "NED"]
[WhiteElo "1985"]
[WhiteRD "74"]
[BlackElo "2237"]
[BlackRD "93"]
[GameID "140277"]

1. d4 e6 2. c4 Nf6 3. Nc3 Bb4 4. e3 O-O 5. Ne2 d5 6. a3 Be7 7. cxd5 exd5 8. Nf4 c6 9. g3 Bf5 10. Bg2 Qb6
11. O-O h6 12. Nd3 Nbd7 13. Qe2 Bd6 14. b4 h5 15. Bd2 h4 16. Nc5 Rfe8 17. N3a4 Qc7 18. Rac1 h3 19. Bf3 Nb6 20. Nb2 Qe7
21. Qd1 Rad8 22. Kh1 Ne4 23. Nxe4 dxe4 24. Bg4 Qe6 25. Be2 Qg6 26. Rg1 Be6 27. Qf1 Bg4 28. Bxg4 Qxg4 29. Qd1 Qe6 30. Rf1 Qa2
31. Qc2 Qd5 32. Kg1 Re6 33. Nc4 Nxc4 34. Qxc4 Qh5 35. Rfe1 Qf3 36. Qf1 Rf6 37. Rc2 a6 38. Bc1 Qg4 39. Qe2 Rf3 40. Kh1 Re8
41. Bb2 Qf5 42. Rf1 Kh7 43. Qe1 Qd5 44. Kg1 Re6 45. Qc3 Rg6 46. Qe1 Rg5 47. Kh1 Qe6 48. Rg1 Rgf5 49. Rf1 Qb3 50. Qc3 Rxf2
51. Rfxf2 Rxf2 52. Rc1 Qa2
0-1

[Event "Fisher Memorial"]
[Site "SchemingMind.com"]
[Date "2008.02.03"]
[Round "-"]
[White "z"]
[Black "pcmvr"]
[Result "0-1"]
[WhiteCountry "IRQ"]
[BlackCountry "NED"]
[WhiteElo "1796"]
[WhiteRD "55"]
[BlackElo "2186"]
[BlackRD "110"]
[GameID "140279"]

1. f4 d5 2. e3 Nf6 3. Nf3 g6 4. b3 Bg7 5. Bb2 O-O 6. Be2 c5 7. O-O Nc6 8. Qe1 Bf5 9. d3 Ng4 10. Bxg7 Kxg7
11. Bd1 d4 12. e4 Bd7 13. Nbd2 Ne3 14. Rf2 Qc7 15. Nc4 Ng4 16. Rf1 Qxf4 17. g3 Qh6 18. Nh4 Nge5 19. Ng2 g5 20. a3 Qg6
21. c3 f5 22. exf5 Rxf5 23. Qe4 Rxf1+ 24. Kxf1 Qf6+ 25. Kg1 Rf8 26. h3 Bf5 27. Qe2 Bxd3 28. Qh5 Qf1+ 29. Kh2 Rf2 30. Qxg5+ Bg6
0-1

[Event "Fisher Memorial"]
[Site "SchemingMind.com"]
[Date "2008.02.03"]
[Round "-"]
[White "smothered mate"]
[Black "pcmvr"]
[Result "0-1"]
[WhiteCountry "POL"]
[BlackCountry "NED"]
[WhiteElo "1964"]
[WhiteRD "53"]
[BlackElo "2142"]
[BlackRD "124"]
[GameID "140280"]

1. e4 e6 2. c4 d5 3. cxd5 exd5 4. Qb3 dxe4 5. Bc4 Qe7 6. Nc3 c6 7. d3 Nd7 8. Nxe4 b5 9. Bf4 Nc5 10. Bxf7+ Qxf7
11. Qxf7+ Kxf7 12. Ng5+ Ke8 13. O-O-O Bf5 14. Ne4 Ne6 15. Ne2 Nf6 16. N4g3 Bg6 17. Be5 Ng4
0-1

[Event "Fisher Memorial"]
[Site "SchemingMind.com"]
[Date "2008.02.08"]
[Round "-"]
[White "Schaakmaatje"]
[Black "pcmvr"]
[Result "0-1"]
[WhiteCountry "NED"]
[BlackCountry "NED"]
[WhiteElo "1755"]
[WhiteRD "46"]
[BlackElo "2142"]
[BlackRD "124"]
[GameID "140281"]

1. d4 e6 2. c4 Nf6 3. Nc3 Bb4 4. Bg5 h6 5. Bh4 c5 6. f3 Nc6 7. e3 cxd4 8. exd4 O-O 9. Bf2 Re8 10. Bd3 e5
11. d5 e4 12. fxe4 Nxe4
0-1

[Event "Fisher Memorial"]
[Site "SchemingMind.com"]
[Date "2008.02.04"]
[Round "-"]
[White "Francisco Aquino"]
[Black "pcmvr"]
[Result "0-1"]
[WhiteCountry "BRA"]
[BlackCountry "NED"]
[WhiteElo "1727"]
[WhiteRD "75"]
[BlackElo "2186"]
[BlackRD "110"]
[GameID "140282"]

1. e4 e6 2. d4 d5 3. e5 c5 4. Bb5+ Bd7 5. Bxd7+ Nxd7 6. c3 Ne7 7. Nf3 Nc6 8. Bg5 Qb6 9. b3 cxd4 10. cxd4 Bb4+
11. Nbd2 Bc3 12. O-O Bxa1 13. Qxa1 O-O 14. Be3 Rac8 15. Ng5 h6 16. Nh3 Nb4 17. Nf3 Rc2 18. Qb1 Rfc8 19. Ne1 Rxa2 20. Qd1 Nc2
21. Nxc2 Rcxc2 22. Qg4 Qb5 23. g3 Qe2 24. Qh4 Qxe3 25. Qd8+ Nf8 26. Qh4 Qxb3 27. Qf4 Ng6 28. Qg4 Qb4 29. Kg2 Nxe5 30. Qh4 Nc6
31. Qf4 Qxd4 32. Qc7 Qe4+ 33. Kg1 Nd4
0-1

[Event "Fisher Memorial"]
[Site "SchemingMind.com"]
[Date "2008.02.03"]
[Round "-"]
[White "eraymond"]
[Black "pcmvr"]
[Result "0-1"]
[WhiteCountry "CAN"]
[BlackCountry "NED"]
[WhiteElo "2199"]
[WhiteRD "87"]
[BlackElo "2201"]
[BlackRD "92"]
[GameID "140283"]

1. e4 e6 2. d4 d5 3. Nd2 c5 4. Ngf3 Nc6 5. exd5 exd5 6. Bb5 Bd6 7. dxc5 Bxc5 8. O-O Ne7 9. Nb3 Bd6 10. Re1 O-O
11. c3 h6 12. Be3 Re8 13. Qd2 Qc7 14. Nbd4 a6 15. Bd3 Nxd4 16. Bxd4 Bg4 17. Ne5 Bf5 18. Rad1 Be4 19. Bxe4 dxe4 20. Rxe4 Nc6
21. f4 Nxd4 22. cxd4 f6 23. Rc1 Qe7 24. Nc4 Qxe4 25. Nxd6 Qe2 26. Rc2 Qxd2 27. Rxd2 Re7 28. Nf5 Rc7 29. Kf2 Rac8 30. a3 Rc2
31. Ke3 Re8+ 32. Kd3 Rxd2+ 33. Kxd2 g6 34. Nxh6+ Kg7 35. Ng4 Re4 36. Kd3 Rxf4 37. h3 f5 38. Ke3 Re4+ 39. Kd3 Re1 40. Ne3 Rb1
41. Kc2 Rg1 42. Kd3 f4 43. Nd5 g5 44. h4 gxh4 45. Nxf4 Kf7 46. Ke4 Rxg2 47. Kf3 Rg3+ 48. Kf2 Rb3 49. Kg2 Kf6
0-1

[Event "Fisher Memorial"]
[Site "SchemingMind.com"]
[Date "2008.02.05"]
[Round "-"]
[White "The Stonewall"]
[Black "Steven DuCharme"]
[Result "1-0"]
[WhiteCountry "ENG"]
[BlackCountry "USA"]
[WhiteElo "2278"]
[WhiteRD "87"]
[BlackElo "1621"]
[BlackRD "71"]
[GameID "140399"]

1. e4 d5 2. d4 e6 3. Bd3 c5 4. c3 c4 5. Bc2 Nc6 6. e5 g6 7. Nf3 Bg7 8. Bf4 Nge7 9. Qc1 h6 10. Nbd2 Bd7
11. h4 Qc7 12. b3 b5 13. a3 a5 14. bxc4 bxc4 15. a4 O-O 16. Nf1 Kh7 17. h5 Ng8 18. hxg6+ fxg6 19. Ng5+ Kh8 20. Bxg6 Be8
21. Nxe6
1-0

[Event "Fisher Memorial"]
[Site "SchemingMind.com"]
[Date "2008.02.05"]
[Round "-"]
[White "The Stonewall"]
[Black "_keyes"]
[Result "1-0"]
[WhiteCountry "ENG"]
[BlackCountry "ENG"]
[WhiteElo "2278"]
[WhiteRD "87"]
[BlackElo "1834"]
[BlackRD "79"]
[GameID "140400"]

1. e4 c5 2. Ne2 d6 3. Nbc3 a6 4. g3 e6 5. Bg2 Nc6 6. O-O Qc7 7. d3 Bd7 8. f4 Rc8 9. Be3 Nf6 10. h3 Be7
11. g4 O-O 12. Rf2 Rfd8 13. g5 Ne8 14. Ng3 Nd4 15. h4 g6 16. h5 Bf8 17. f5 exf5 18. Nd5 Qc6 19. Bxd4 cxd4 20. exf5 Qb5
21. fxg6 hxg6 22. hxg6 fxg6 23. Qf3 Ng7 24. Qf7+ Kh8 25. Nf6 Be6 26. Qxg6
1-0

[Event "Fisher Memorial"]
[Site "SchemingMind.com"]
[Date "2008.02.05"]
[Round "-"]
[White "The Stonewall"]
[Black "pcmvr"]
[Result "1-0"]
[WhiteCountry "ENG"]
[BlackCountry "NED"]
[WhiteElo "2302"]
[WhiteRD "90"]
[BlackElo "2201"]
[BlackRD "92"]
[GameID "140401"]

1. e4 e6 2. Nf3 d5 3. Nc3 Nf6 4. e5 Nfd7 5. d4 c5 6. dxc5 Nc6 7. Bf4 Bxc5 8. Bd3 f6 9. exf6 Nxf6 10. O-O O-O
11. Ne5 Bd7 12. Qe2 Qe7 13. Rae1 Rae8 14. Bg3 g6 15. Qd2 Nxe5 16. Bxe5 Bc6 17. Nb5 Ng4 18. Bg3 a6 19. Nc3 Nf6 20. a3 Bd4
21. Nd1 Rc8 22. Qg5 Rf7 23. Be5 Bc5 24. Qg3 Nh5 25. Qg4 Rcf8 26. Ne3 Bd6 27. Bxd6 Qxd6 28. Qg5 Nf4 29. Ng4 Rc7 30. Qh4 d4
31. f3 Bb5 32. Bxb5 axb5 33. Nf6+ Rxf6 34. Qxf6 Rxc2 35. Re5 Rxg2+ 36. Kh1 Nd5 37. Qxe6+ Qxe6 38. Rxe6 Rxb2 39. Rd6 Ne3 40. Rc1 Nc2
41. Rd7 b6 42. f4 Kh8 43. h4 Kg8 44. f5 Kf8 45. fxg6
1-0

[Event "Fisher Memorial"]
[Site "SchemingMind.com"]
[Date "2008.02.04"]
[Round "-"]
[White "The Stonewall"]
[Black "z"]
[Result "1-0"]
[WhiteCountry "ENG"]
[BlackCountry "IRQ"]
[WhiteElo "2278"]
[WhiteRD "87"]
[BlackElo "1821"]
[BlackRD "56"]
[GameID "140403"]

1. e4 a6 2. c3 c5 3. d4 e6 4. Bd3 d5 5. e5 b5 6. Nf3 c4 7. Bc2 Nc6 8. O-O h6 9. b3 Nge7 10. Ba3 Bd7
11. Bd6 Nc8 12. Bxf8 Kxf8 13. Qc1 g6 14. Qe3 Kg7 15. Nbd2 f5 16. exf6+ Qxf6 17. bxc4 bxc4 18. Rab1 Nd6 19. Ne5 Be8 20. Ndf3 g5
21. Rfe1 Nd8 22. Rb6 Nc8 23. Rb2 Rf8 24. Reb1 Ra7 25. Rb8 Nd6 26. Ng4 Qe7 27. Qe5+
1-0

[Event "Fisher Memorial"]
[Site "SchemingMind.com"]
[Date "2008.02.05"]
[Round "-"]
[White "The Stonewall"]
[Black "smothered mate"]
[Result "1-0"]
[WhiteCountry "ENG"]
[BlackCountry "POL"]
[WhiteElo "2290"]
[WhiteRD "90"]
[BlackElo "1947"]
[BlackRD "57"]
[GameID "140404"]

1. e4 e6 2. Nf3 d5 3. Nc3 d4 4. Ne2 c5 5. c3 Nc6 6. cxd4 cxd4 7. Qa4 Bc5 8. b4 Bxb4 9. Nexd4 Ne7 10. Bb5 Qd6
11. e5 Qc5 12. Nb3
1-0

[Event "Fisher Memorial"]
[Site "SchemingMind.com"]
[Date "2008.02.09"]
[Round "-"]
[White "The Stonewall"]
[Black "Schaakmaatje"]
[Result "1-0"]
[WhiteCountry "ENG"]
[BlackCountry "NED"]
[WhiteElo "2278"]
[WhiteRD "87"]
[BlackElo "1755"]
[BlackRD "46"]
[GameID "140405"]

1. e4 e6 2. Nf3 d5 3. e5 c5 4. b4 cxb4 5. d4 Nc6 6. a3 bxa3 7. c3 f6 8. Bd3 Be7 9. Qe2 f5 10. Bxa3 Nh6
11. O-O O-O 12. Nbd2 Nf7 13. Rfb1 Rb8 14. Bb5 Bxa3 15. Bxc6 Be7 16. Rxa7 Qc7 17. Qb5 Nd8 18. Be8 Qxc3 19. Nb3
1-0

[Event "Fisher Memorial"]
[Site "SchemingMind.com"]
[Date "2008.02.04"]
[Round "-"]
[White "The Stonewall"]
[Black "Francisco Aquino"]
[Result "1-0"]
[WhiteCountry "ENG"]
[BlackCountry "BRA"]
[WhiteElo "2278"]
[WhiteRD "87"]
[BlackElo "1717"]
[BlackRD "75"]
[GameID "140406"]

1. c4 e5 2. Nf3 Nc6 3. Nc3 Nf6 4. a3 Be7 5. d4 e4 6. Ng5 d5 7. cxd5 Nxd5 8. Ngxe4 Nxc3 9. bxc3 Bf5 10. Ng3 Bg6
11. e4 O-O 12. Bd3 Re8 13. O-O Bh4 14. Re1 Bxg3 15. hxg3 a6 16. a4 Qd7 17. Bf4 Rac8 18. a5 h6 19. Qa4 Qe7 20. f3 Nd8
21. Be3 Nc6 22. Rab1 Rb8 23. Bc4 Qd6 24. Bf4 Qe7 25. Rxb7 Rxb7 26. Qxc6 Reb8 27. Qxg6 Rb1 28. Rxb1 Rxb1+ 29. Kh2 Kh8 30. Qxf7 Qxf7
31. Bxf7 Rb7 32. Bd5 Ra7 33. Bc6 Kg8 34. d5
1-0

[Event "Fisher Memorial"]
[Site "SchemingMind.com"]
[Date "2008.02.04"]
[Round "-"]
[White "The Stonewall"]
[Black "eraymond"]
[Result "1/2-1/2"]
[WhiteCountry "ENG"]
[BlackCountry "CAN"]
[WhiteElo "2278"]
[WhiteRD "87"]
[BlackElo "2177"]
[BlackRD "94"]
[GameID "140407"]

1. d4 Nf6 2. c4 e6 3. g3 d5 4. Nf3 dxc4 5. Bg2 c5 6. O-O Nc6 7. Qa4 cxd4 8. Nxd4 Qxd4 9. Bxc6+ Bd7 10. Rd1 Bxc6
11. Qxc6+ bxc6 12. Rxd4 c5 13. Rxc4 Be7 14. b3 O-O 15. Ba3 Rfd8 16. Nc3 Rd4 17. Rxd4 cxd4 18. Bxe7 dxc3 19. Bxf6 gxf6 20. Rc1 Rc8
21. e4 Kg7 22. Kf1 Kg6 23. Ke2 f5 24. exf5+ Kxf5 25. f3 e5 26. Kd3 Rd8+ 27. Kxc3 h5 28. b4 Ke6 29. b5 f5 30. a4 e4
31. fxe4 fxe4 32. a5 Rc8+ 33. Kb2 Rb8 34. Rc5 Rd8 35. Kc2 e3 36. Rc3 Rd2+ 37. Kc1 Rxh2 38. Rxe3+ Kd5 39. Ra3 Rf2 40. Rc3 Ra2
41. a6 Ra5 42. Rc7 Rxb5 43. Rxa7 Ra5 44. Kd2 Kc5 45. Ke3 Kb6 46. Ra8 Rg5 47. Kf4 Rg4+ 48. Kf3 Rg5 49. Kf4 Rg4+ 50. Kf3 Rg5=
1/2-1/2

[Event "Fisher Memorial"]
[Site "SchemingMind.com"]
[Date "2008.02.05"]
[Round "-"]
[White "Steven DuCharme"]
[Black "The Stonewall"]
[Result "0-1"]
[WhiteCountry "USA"]
[BlackCountry "ENG"]
[WhiteElo "1621"]
[WhiteRD "71"]
[BlackElo "2278"]
[BlackRD "87"]
[GameID "140408"]

1. e4 Nc6 2. d4 d5 3. e5 f6 4. f4 Nh6 5. Be2 Bf5 6. Be3 Qd7 7. Nf3 O-O-O 8. a3 Ng4 9. Bg1 e6 10. h3 Nh6
11. g4 Be4 12. Nbd2 Be7 13. Bd3 Bxd3 14. cxd3 Nf7 15. Be3 h5 16. Kf2 hxg4 17. hxg4 Nh6 18. Kg3 Qe8 19. b4 Qg6 20. Ne1 Nf5+
0-1

[Event "Fisher Memorial"]
[Site "SchemingMind.com"]
[Date "2008.02.04"]
[Round "-"]
[White "_keyes"]
[Black "The Stonewall"]
[Result "0-1"]
[WhiteCountry "ENG"]
[BlackCountry "ENG"]
[WhiteElo "1834"]
[WhiteRD "79"]
[BlackElo "2278"]
[BlackRD "87"]
[GameID "140409"]

1. d4 e6 2. c4 b6 3. Nc3 Bb4 4. e3 Bxc3+ 5. bxc3 Bb7 6. Nf3 f5 7. a4 d6 8. Bd3 Nf6 9. O-O O-O 10. Nd2 Nbd7
11. f3 c5 12. Ba3 Nh5 13. Qe1 Qg5 14. h4 Qh6 15. Bc1 e5 16. d5 Ng3 17. Qxg3 Qxe3+ 18. Kh1 Qxd3 19. Ra3 Nf6 20. Qf2 Ba6
21. Re1 Bxc4 22. Re3 Qxd5 23. Nxc4 Qxc4 24. Re1 f4
0-1

[Event "Fisher Memorial"]
[Site "SchemingMind.com"]
[Date "2008.02.04"]
[Round "-"]
[White "pcmvr"]
[Black "The Stonewall"]
[Result "0-1"]
[WhiteCountry "NED"]
[BlackCountry "ENG"]
[WhiteElo "2201"]
[WhiteRD "92"]
[BlackElo "2302"]
[BlackRD "90"]
[GameID "140410"]

1. b4 c6 2. Bb2 Qb6 3. a3 a5 4. c4 axb4 5. c5 Qc7 6. axb4 Rxa1 7. Bxa1 d6 8. Nf3 e5 9. d4 e4 10. Nfd2 d5
11. b5 Nf6 12. Nc3 Be7 13. e3 Bf5 14. Be2 O-O 15. b6 Qc8 16. h3 Re8 17. Bb2 h6 18. O-O Nbd7 19. Qb3 Nf8 20. Ra1 Ng6
21. Bf1 Nh4 22. Qd1 g5 23. Be2 g4 24. hxg4 Bxg4 25. Qf1 Kh8 26. f3 exf3 27. Nxf3 Bxf3 28. Bxf3 Qe6 29. Qf2 Ng4 30. Bxg4 Qxg4
31. Qe2 Qg6 32. Rf1 Bg5 33. e4 Be3+
0-1

[Event "Fisher Memorial"]
[Site "SchemingMind.com"]
[Date "2008.02.04"]
[Round "-"]
[White "z"]
[Black "The Stonewall"]
[Result "1/2-1/2"]
[WhiteCountry "IRQ"]
[BlackCountry "ENG"]
[WhiteElo "1825"]
[WhiteRD "51"]
[BlackElo "2302"]
[BlackRD "90"]
[GameID "140412"]

1. d4 Nf6 2. c4 e5 3. dxe5 Ng4 4. Nf3 Bc5 5. e3 Nc6 6. Be2 O-O 7. O-O Re8 8. Nc3 Ngxe5 9. b3 Nxf3+ 10. Bxf3 Ne5
11. Be2 a5 12. Bb2 Ra6 13. Na4 Bf8 14. f4 Rd6 15. Qc2 Nc6 16. Rf3 Rh6 17. Rd1 d6 18. Nc3 Qh4 19. h3 Rg6 20. Nd5 Bxh3
21. Rxh3 Qxh3 22. Qxg6 Qxe3+ 23. Nxe3 fxg6 24. Kf2 Be7 25. Nd5 Bh4+ 26. Kf3 Bd8 27. a3 Nb8 28. Bd3 Nd7 29. Bc2 Kf7 30. g4 h6
31. b4 axb4 32. axb4 Nf8 33. Bb3 Ne6 34. Nc3 Bf6 35. c5 Kf8 36. Nb5 Bxb2 37. Bxe6 Rxe6 38. Nxc7 Re7 39. cxd6 Rd7 40. Ne6+ Kf7
41. Nc5 Rd8 42. Nxb7 Rd7 43. Nc5 Rd8 44. Rd3 Bf6 45. Ke4 Rb8 46. Rb3 Ke8 47. Kd5 Rb6 48. Ne4 Bd8 49. Kc5 Rb8 50. b5 Kd7
51. b6 Rb7 52. Nc3 Rxb6 53. Rxb6 Bxb6+ 54. Kxb6 Kxd6 55. Kb5 h5 56. Kc4 hxg4 57. Kd4 Ke6 58. Ke4 g3 59. Ne2 g2 60. Kf3 g5
61. fxg5 Kf5 62. Kxg2 Kxg5 63. Kg3 g6 64. Nf4 Kf5 65. Nxg6
1/2-1/2

[Event "Fisher Memorial"]
[Site "SchemingMind.com"]
[Date "2008.02.05"]
[Round "-"]
[White "smothered mate"]
[Black "The Stonewall"]
[Result "0-1"]
[WhiteCountry "POL"]
[BlackCountry "ENG"]
[WhiteElo "1964"]
[WhiteRD "53"]
[BlackElo "2278"]
[BlackRD "87"]
[GameID "140413"]

1. e4 Nc6 2. Nf3 d6 3. Bc4 Nf6 4. d3 Bg4 5. h3 Bxf3 6. Qxf3 Ne5 7. Qe3 Nxc4 8. dxc4 g6 9. Nc3 Bg7 10. O-O O-O
11. f4 c6 12. e5 dxe5 13. fxe5 Nd7 14. e6 Ne5 15. exf7+ Rxf7 16. Rxf7 Nxf7 17. Kh1 Qd6 18. Bd2 Qe5 19. Qf2 Qf5 20. Qxf5 gxf5
21. Rf1 e6 22. b3 Rd8 23. Be1 Kf8 24. Ne2 Ke8 25. Bh4 Rd2 26. Nf4 Kd7 27. Nd3 Bd4 28. Rc1 e5 29. Nb4 Nd6 30. a4 Ne4
31. a5 a6 32. Be1 Re2 33. Nd3 Ke6 34. c3 Be3 35. Rb1 Nd2 36. Rb2 e4
0-1

[Event "Fisher Memorial"]
[Site "SchemingMind.com"]
[Date "2008.02.09"]
[Round "-"]
[White "Schaakmaatje"]
[Black "The Stonewall"]
[Result "0-1"]
[WhiteCountry "NED"]
[BlackCountry "ENG"]
[WhiteElo "1755"]
[WhiteRD "46"]
[BlackElo "2278"]
[BlackRD "87"]
[GameID "140414"]

1. d4 d5 2. Bf4 Bg4 3. f3 Bh5 4. g4 Bg6 5. h4 f6 6. e3 Nd7 7. Bd3 Bf7 8. Nc3 e5 9. Bg3 Bb4 10. Ne2 c6
11. a3 Ba5 12. O-O h5 13. Bf5 hxg4 14. fxg4 Nh6 15. Qd3 Qe7 16. Nd1 Nxf5 17. gxf5 O-O-O 18. c3 Bc7 19. b4 e4 20. Qc2 Bxg3
21. Nxg3 Rxh4 22. Rf2 Rdh8 23. Kf1 Nb6 24. Qe2 Bh5 25. Qc2 Qc7 26. Nxh5 Rh1+ 27. Ke2 R8xh5 28. Rc1 Qg3 29. a4 Qg4+ 30. Kd2 Nc4#
0-1

[Event "Fisher Memorial"]
[Site "SchemingMind.com"]
[Date "2008.02.04"]
[Round "-"]
[White "Francisco Aquino"]
[Black "The Stonewall"]
[Result "0-1"]
[WhiteCountry "BRA"]
[BlackCountry "ENG"]
[WhiteElo "1772"]
[WhiteRD "75"]
[BlackElo "2290"]
[BlackRD "90"]
[GameID "140415"]

1. e4 e6 2. d4 d5 3. exd5 exd5 4. Nf3 Bg4 5. Nc3 Bb4 6. Bb5+ c6 7. Be2 Ne7 8. O-O Nd7 9. Bg5 O-O 10. Re1 Re8
11. Qd3 f6 12. Bd2 Bf5 13. Qe3 Ng6 14. Ne4 Rxe4 15. Qb3 Bxd2 16. Nxd2 Rxd4 17. Nf3 Re4 18. Qxb7 Nc5 19. Qxc6 Rc8 20. Qb5 Bd7
0-1

[Event "Fisher Memorial"]
[Site "SchemingMind.com"]
[Date "2008.02.04"]
[Round "-"]
[White "eraymond"]
[Black "The Stonewall"]
[Result "1-0"]
[WhiteCountry "CAN"]
[BlackCountry "ENG"]
[WhiteElo "2177"]
[WhiteRD "94"]
[BlackElo "2278"]
[BlackRD "87"]
[GameID "140416"]

1. e4 e6 2. d4 d5 3. Nd2 a6 4. Ngf3 Nf6 5. e5 Nfd7 6. Bd3 c5 7. c3 Nc6 8. O-O b5 9. Re1 Qb6 10. dxc5 Bxc5
11. Qe2 Ndxe5 12. Nxe5 Nxe5 13. Qxe5 Bxf2+ 14. Kh1 Bxe1 15. Qxe1 f6 16. Nb3 Qc7 17. Be3 O-O 18. Nc5 e5 19. Bc2 Rd8 20. Qh4 f5
21. Rd1 Rd6 22. Bb3 Bb7 23. Nxb7 Qxb7 24. Bc5 Rd7 25. Qg5 Rc8 26. Bb4 g6 27. Qf6 Re8 28. Bd6 Rf7 29. Qg5 Qa7 30. Rxd5 Qf2
31. Rd1 Qe2 32. Qh4 Kg7 33. Re1 Qd2 34. Bxe5+ Rxe5 35. Rxe5
1-0